Countries containing a 'G' AND a 'U' in their name - Statistics

General Stats
  • This quiz has been taken 1,713 times
  • The average score is 15 of 19
Answer Stats
Continent Country % Correct
South America Uruguay
93%
South America Guyana
92%
Africa Guinea
90%
South America Paraguay
90%
North America Guatemala
89%
Africa Guinea-Bissau
86%
Oceania Papua New Guinea
85%
Africa Equatorial Guinea
83%
Africa Uganda
82%
Europe Bulgaria
78%
North America Nicaragua
77%
Europe Luxembourg
76%
Europe Hungary
75%
North America Antigua and Barbuda
74%
Europe Belgium
74%
Europe Portugal
74%
Europe United Kingdom
73%
Africa Democratic Republic of the Congo
62%
Africa Republic of the Congo
59%
No matching quizzes found
Score Distribution
Percent of People with Each Score
Percentile by Number Answered
Your Score History
You have not taken this quiz